00972nam a22002777a 450000100040000000500170000402000150002102000180003604000230005405000230007708200190010010000230011924500940014226000350023630000460027150000230031750500060034052001160034652100180046252100180048065000590049865000710055765000160062870000160064470000340066068720250812131800.0 a0590472305 a9780590472302 aDLCcDLCdDLCbeng00aG530.T6bB495 199300a910/.916342211 aBallard, Robert D.10aFinding the Titanic /cby Robert D. Ballard with Nan Froman ; paintings by Ken Marschall. aNew York :bScholastic,c1993. a48 pages :bcolor illustrations ;c23 cm. a"Cartwheel books". aM aDescribes the voyage of the Titanic, the accident that caused it to sink, and the rescue of those who survived.0 a650 bLexile1 aM bRaz-Plus 0aShipwreckszNorth Atlantic OceanxJuvenile literature. 0aUnderwater explorationzNorth Atlantic OceanxJuvenile literature. 1aShipwrecks.1 aFroman, Nan1 aMarschall, Keneillustrations